000 00462nam a22001697a 4500
008 220718b |||||||| |||| 00| 0 eng d
020 _a1581347162
050 _aBS2361.3
_b.D48 2005
100 _aDever, Mark
245 _aThe Message of the New Testament:
_bpromises kept/
_cMark Dever
260 _aIllinois
_bCrossway
_c2005
300 _a559p.
650 _aBible N.T.
_vcriticism
650 _aBible N.T.
_vsermons
650 _aSermons
942 _2lcc
_cBK
999 _c19393
_d19392